| Tag |
First Indicator |
Second Indicator |
Subfields |
| LEADER |
00000cam a22000001 4500 |
| 001 |
in00000154821 |
| 005 |
20151008065859.0 |
| 008 |
711207s1964 mnu b 00000beng d |
| 010 |
|
|
|a 64064451
|
| 035 |
|
|
|a (OCoLC)00290415
|
| 035 |
|
|
|9 AAS1514AM
|
| 040 |
|
|
|a DLC
|c DLC
|d TXA
|d UtOrBLW
|
| 049 |
|
|
|a TXAM
|c 1 [912744], 2 [271981]
|
| 050 |
0 |
0 |
|a PS3545 A748
|b Z95
|
| 100 |
1 |
|
|a West, Paul,
|d 1930-
|
| 245 |
1 |
0 |
|a Robert Penn Warren.
|
| 264 |
|
1 |
|a Minneapolis :
|b University of Minnesota Press,
|c [1964]
|
| 300 |
|
|
|a 48 pages ;
|c 21 cm.
|
| 336 |
|
|
|a text
|b txt
|2 rdacontent
|
| 337 |
|
|
|a unmediated
|b n
|2 rdamedia
|
| 338 |
|
|
|a volume
|b nc
|2 rdacarrier
|
| 490 |
1 |
|
|a University of Minnesota pamphlets on American writers, no. 44
|
| 504 |
|
|
|a Bibliography: pages 46-48.
|
| 600 |
1 |
0 |
|a Warren, Robert Penn,
|d 1905-1989.
|
| 830 |
|
0 |
|a University of Minnesota pamphlets on American writers ;
|v no. 44.
|
| 999 |
|
|
|a MARS
|
| 999 |
f |
f |
|s d57009c5-fc96-3c84-a560-f2e4818fa6af
|i 732527cc-fe1c-3b96-afc5-5c60ac20b4a2
|t 0
|
| 952 |
f |
f |
|p ric
|a Texas A&M University
|b Rellis Campus
|c Joint Library Facility
|d Remote Storage
|t 0
|e PS3545 A748 Z95
|h Library of Congress classification
|i unmediated -- volume
|m A14804113721
|
| 998 |
f |
f |
|a PS3545 A748 Z95
|t 0
|l Remote Storage
|